| 000 | 00359cam a2200145ua 4500 | ||
|---|---|---|---|
| 041 |
_aeng _h |
||
| 082 |
_a320.58 _bGAN/VO |
||
| 100 | _aGandhi, M K . | ||
| 245 |
_aVoluntary poverty / _cM K Gandhi. _hTextual Documents |
||
| 260 |
_aAhmadabad : _bNavajivan publishing house , _c1961. |
||
| 300 | _a30 ; . | ||
| 504 | _a | ||
| 942 | _cBK | ||
| 999 |
_c2331 _d2331 |
||